000 00742nam a2200253Ia 4500
003 OSt
005 20220928131411.0
006 a|||||r|||| 00| 0
007 ta
008 220927b |||||||| |||| 00| 0 eng d
020 _c8058.6000000000004
024 _a109309
037 _b122, 14/09/2010, Pioneer Book Distributors
_cTextual
040 _aSDCL
_cSDCL
_beng
041 _2eng
_aeng
082 _aR4, Q0
100 _aSkorupski John Ed.
_9454977
245 0 _aRoutledge companion to ethics.
260 _aLondon
_bRoutledge
_c2010
300 _axxiv,850p.
_ccm.
650 _aPhilosophy
942 _hR4, Q0
_cTEXL
_2CC
999 _c790444
_d790444